Quizzes
Events
Quiz Creation
Community
Videos
Private Events
Remove Ads
Sign In
Join for FREE
Feedback
Dark Mode
Quiz Categories
Sports
Geography
Music
Movies
Television
Just For Fun
Miscellaneous
History
Literature
Language
Science
Gaming
Entertainment
Religion
Holiday
For Kids
Quiz Lab
Recent
Popular Today
Quiz Kudos Today
Editor Picks
Curator Picks
Quizzes by...
Day
Popularity
Type
Ratings
Length
Year
Community
Subscriptions
Recent Discussions
Orange Saloon
Badges
Playlists
Quests
Create
Leaderboards
Showdown
Live 5
Trivia Bingo
Activity
Puzzle Library
Sporcle Events
Private Events
Virtual Trivia
Globe League
Become a Host
Pub Owners
SporcleCon
Opinionation
Our Games
Videos
Blog
Mobile Apps
Partnerships
Remove Ads and Go Orange
Feedback
Geography
Country
Landmarks
City
State
Population
World
Capital
Continent
Flags
Europe
Africa
Asia
South America
North America
Oceania
Border
Canada
United Kingdom
Topography
United States
Geography
Country
Landmarks
City
State
Population
World
Capital
Continent
Flags
Europe
Africa
Asia
South America
North America
Oceania
Border
Canada
United Kingdom
Topography
United States
Random Quiz
Search Sporcle
×
Quiz Lab
Quiz Lab
Geography
Population
Type in answers that appear in a list
Type in answers that appear in a list
Classic
Best Score? Go Orange.
Biggest cities that far north or south Stats
Can you name the biggest cities that far north or south?
By
urwatuh8
7m
28 Questions
165 Plays
165 Plays
165 Plays
Comments
Comments
Give Quiz Kudos
Give Quiz Kudos
-
- Ratings
hide this ad
More Info
Replay
Link that replays current quiz
Next Quiz
Link to next quiz in quiz playlist
You Got
0%
They Got
Avg Score
37%
Avg Friend Score
Upgrade to see
Score Distribution
Jump to the score distribution portion of the page
Score
0/28
Timer
07:00
0
Plays Today
Population
City
% Correct
37M
Tokyo, Japan
80%
14M
Moscow, Russia
78.2%
4.5M
Saint Petersburg, Russia
69.1%
21M
New York, USA
67.9%
20M
São Paulo, Brazil
62.4%
13M
Buenos Aires, Argentina
61.8%
1.3M
Helsinki, Finland
61.2%
3.5M
Melbourne, Australia
58.8%
22M
Jakarta, Indonesia
55.8%
23M
Delhi, India
54.5%
23M
Seoul, South Korea
53.9%
380K
Christchurch, New Zealand
43.6%
310K
Murmansk, Russia
42.4%
68K
Tromsø, Norway
32.7%
Population
City
% Correct
57K
Ushuaia, Argentina
30.3%
360K
Arkhangelsk, Russia
26.1%
120K
Dunedin, New Zealand
25.5%
9300
Hammerfest, Norway
24.8%
2100
Longyearbyen, Norway
23.6%
120K
Punta Arenas, Chile
23%
140K
Norilsk, Russia
18.2%
17K
Alta, Norway
13.9%
5100
Tiksi, Russia
10.9%
610K
Mar del Plata, Argentina
10.9%
180K
Comodoro Rivadavia, Argentina
10.9%
2200
Puerto Williams, Chile
8.5%
3500
Khatanga, Russia
3%
69K
Rio Grande, Argentina
3%
Quiz Playlist
Details
Report
Send in Message
Add To Playlist
More Info:
Name cities more populous than all cities further north or all cities further south.
Classic:
Type in answers that appear in a list
Quiz Source
Last Updated: Feb 16, 2017
Quiz Scoreboard
CHALLENGE
Sign Up to Join the Scoreboard
Show All
Scores
Hide
Comments
May contain spoilers
Recently Published
An Introduction to Baseball
by treessimontrees
Sports
5m
Movies - When Are They Set?
by FPL_Elf
Movies
5m
Popular People in 1961
by mucciniale
History
6m
More to Explore
Quiz From the Vault
Featured Blog Post
Where Did the Easter Bunny Come From?
hide this ad
You Might Also Like...
Tags
City Quiz
Population Quiz
biggest
latitude
north
south
World Cities
Worldwide
Today's Top Quizzes in Geography
Browse Geography
hide this ad
Today's Top Quizzes in Population
Browse Population
Top Contributed Quizzes in Geography
1
Countries of the World - No Outlines Minefield
2
Top 25 Cities of France on a map
3
Any capital of a 'B' country per Continent
4
Closest Countries to UK A-Z
5
One Thing in Common: United Kingdom
6
Any capital of a 'C' country per Continent
7
Find the Provinces of Canada - No Outlines Minefield
8
Any capital of a 'D' country per Continent
9
Find the US States - No Outlines
10
Blind Secret Country CLXXXVIII
Explore More
Trending Topics
Crossword
NBA
Disney
Harry Potter
Anime
Kpop
Marvel
Pokémon
The Office
WWE
NFL
Song
Soccer
Puzzle
Country
hide this ad
More By:
urwatuh8
Quiz
Plays
Rating
Category
Featured
Created
Biggest cities that far north or south
165
4.13
Geography
Apr 30, 2011
Go to Creator's Profile
Score Distribution
Quiz Creator Spotlight
urwatuh8
Follow
Send a Message
Quizzes Created
-
Created Quiz Play Count
-
More By This Creator
Popular Quizzes Today
1
Find the Countries of Europe - No Outlines Minefield
2
Find the US States - No Outlines Minefield
3
The Countries of the World
4
Popular People in 1961
5
Find the US States
6
US States
7
1-10 Letter E Words III
8
Risky Map Clicking: Biggest States A-Z
More Geography Quizzes
Lithuania 10-to-1
Curator's Pick
Trending Quizzes
Risky Map Clicking: Least Populous States A-Z
1-10 Letter F Words
1-10 Letter G Words
One Thing in Common: United Kingdom
Risky Map Clicking: Next State Alphabetically
Recently Updated
Leaping Animals
pecheneg
Reality TV Shows (A-Z)
bhenderson79
Rickey Henderson's Hall of Fame Teammates
pecheneg
Champions League XIs: Arsenal
pecheneg
Quick Pick: Celebrities in WWE's Hall of Fame
aduchscher
A-Z Keypad Blitz II
pecheneg
Multiple Oscar Actors
pecheneg
Mystery Phrase Blitz: Oscar 'Best Actors'
pecheneg
F. Scott Fitzgerald Novels
LTH
Pick 3 Villains
ddd62291
Trending Topics
Harry Potter
Kpop
Anime
Crossword
Marvel
NBA
Disney
Country
The Office
Puzzle
Soccer
NFL
Pokémon
Song
WWE
Your Account Isn't Verified!
In order to create a playlist on Sporcle, you need to verify the email address you used during registration. Go to your
Sporcle Settings
to finish the process.
Report this User
Report this user for behavior that violates our
Community Guidelines
.
Details:
Send Report
Go to the Sporcle.com Mobile Site →
Comments